|
|
|
|
| LEADER |
01177nam a2200241 a 4500 |
| 003 |
GR-PaULI |
| 005 |
20190916134630.0 |
| 008 |
920311r20001993fr f bf 001 0 eng d |
| 952 |
|
|
|0 0
|1 0
|2 ddc
|4 0
|6 069_500000000000000_MUS
|7 0
|9 235132
|a LISA
|b LISA
|c BSC
|d 2019-09-16
|i 2704
|l 0
|o 069.5 MUS
|p 025000263588
|r 2019-09-16 00:00:00
|t 1
|w 2019-09-16
|y BK15
|
| 999 |
|
|
|c 142512
|d 142512
|
| 020 |
|
|
|a 9780415075091
|
| 020 |
|
|
|a 0415075092
|
| 040 |
|
|
|a GR-PaULI
|b gre
|c GR-PaULI
|d GR-AiPI
|e AACR2
|
| 082 |
0 |
4 |
|a 069.5
|2 20
|
| 245 |
0 |
0 |
|a Museum security and protection :
|b a handbook for cultural heritage institutions /
|c ICOM and the International Committee on Museum Security ; edited by David Liston.
|
| 260 |
|
|
|a London ;
|a New York :
|b Routledge,
|c 1993 [reprinted 2000]
|
| 300 |
|
|
|a xiii, 319 σ. ;
|c 24 εκ.
|
| 504 |
|
|
|a Περιλαμβάνει βιβλιογραφικές παραπομπές και ευρετήριο.
|
| 650 |
|
4 |
|a Μουσεία
|x Μέτρα ασφαλείας.
|9 177867
|
| 650 |
|
4 |
|a Πολιτιστική κληρονομιά
|x Προστασία
|9 78990
|
| 700 |
1 |
|
|a Liston, David.
|9 177869
|e επιμελητής.
|
| 942 |
|
|
|2 ddc
|c BK15
|
| 998 |
|
|
|c ΛΟΥΚΟΠΟΥΛΟΥ
|d 2019-09
|